Packaging design : successful product branding from concept to shelf.
| Main Author: | |
|---|---|
| Other Authors: | |
| Format: | Book |
| Published: |
New Jessey:
John Wiley & Sons,
2006.
|
| Subjects: |
| LEADER | 00513cam a2200169 7i4500 | ||
|---|---|---|---|
| 001 | 0000024251 | ||
| 005 | 20100420090000.0 | ||
| 020 | 0 | 0 | |a 978-0-471-72016-4 |
| 090 | 0 | 0 | |a DE 688.8 |b KLI |
| 100 | 1 | 0 | |a Klimchuk |
| 245 | 1 | 0 | |a Packaging design : |b successful product branding from concept to shelf. |
| 260 | 0 | 0 | |a New Jessey: |b John Wiley & Sons, |c 2006. |
| 300 | # | # | |a 262 p. |
| 650 | 0 | 0 | |a Packaging -- |x Design |
| 650 | 0 | 0 | |a Branding |
| 700 | 1 | 1 | |a Krasovec, |h Sandra A. |
| 999 | |a B000026465 |b Book |c Designs |e Business Information Centre | ||


